الملك رأس السلطات

محفوظ في:

المؤلف الرئيسي: الدكتور باهور لبيب.

التنسيق: كتاب

اللغة: Undetermined

منشور في: Al-Qāhirah Maktabat alnahdat almisria 1950

الوسوم: إضافة وسم

لا توجد وسوم, كن أول من يضع وسما على هذه التسجيلة!

رقم الطلب: A99 LABI

LEADER 00381nam a2200121Ia 4500
008 240404s9999||||xx |||||||||||||| ||und||
050 4 |a A99 LABI 
100 1 |a الدكتور باهور لبيب. 
245 1 0 |a الملك رأس السلطات  |c الدكتور باهور لبيب 
264 1 |a Al-Qāhirah  |b Maktabat alnahdat almisria   |c 1950 
300 |a 159  |c 20 
942 |2 lcc  |c BK 
999 |c 58101  |d 58101